Tous les vainqueurs de l'Europa League - Statistiques

Statistiques générales
  • Ce quiz a été pris 79 fois
  • Le résultat moyen est 25 sur 54
Statistiques - réponses
Hint Réponse % Correct
2023 Séville
92%
2020 Séville
92%
2016 Séville
92%
2015 Séville
92%
2014 Séville
92%
2007 Séville
92%
2006 Séville
92%
2017 Manchester United
89%
2019 Chelsea
80%
2013 Chelsea
80%
2025 Tottenham
72%
1984 Tottenham
72%
1972 Tottenham
72%
2021 Villarreal
64%
2001 Liverpool
61%
1976 Liverpool
61%
1973 Liverpool
61%
2024 Atalanta
59%
2011 Porto
59%
2003 Porto
59%
1986 Real Madrid
59%
1985 Real Madrid
59%
1993 Juventus
53%
1990 Juventus
53%
1977 Juventus
53%
1998 Inter Milan
47%
1994 Inter Milan
47%
1991 Inter Milan
47%
2022 Francfort
45%
1980 Francfort
45%
2004 Valence
45%
1996 Bayern Munich
38%
1989 Naples
34%
2002 Feyenoord
31%
1974 Feyenoord
31%
2000 Galatasaray
31%
2018 Atlético de Madrid
30%
2012 Atlético de Madrid
30%
2010 Atlético de Madrid
30%
1999 Parme
28%
1995 Parme
28%
1992 Ajax Amsterdam
22%
1983 Anderlecht
22%
1978 PSV Eindhoven
17%
1988 Bayer Leverkusen
14%
2005 CSKA Moscou
14%
2009 Chakhtar Donetsk
8%
1987 Göteborg
8%
1982 Göteborg
8%
1981 Ipswich
8%
2008 Zenit St Petersbourg
8%
1979 Borussia Mönchengladbach
6%
1975 Borussia Mönchengladbach
6%
1997 Schalke
5%
Aucun quiz correspondant
Distribution des résultats
% des personnes avec chaque résultat
Percentile par nombre de réponses
Votre historique - résultats
Vous n’avez pas pris ce quiz